| 000 | 01015nam a2200301 a 4500 | ||
|---|---|---|---|
| 999 |
_c3863 _d3863 |
||
| 003 | UkOxU | ||
| 005 | 20220218090535.0 | ||
| 008 | 951025s1995 enka 001 0 eng d | ||
| 020 | _a0412391600 (set) | ||
| 040 | _cUkOxU | ||
| 050 | 0 |
_aRG626 _b.D57 1995 |
|
| 092 | _aD0503159830 | ||
| 245 | 1 | 0 |
_aDiseases of the fetus and newborn : _bpathology, imaging, genetics and management / _cedited by G.B. Reed, A.E. Claireaux and F. Cockburn ; with G.G. Ashmead ... [et al.] |
| 250 | _a2nd ed | ||
| 260 |
_aLondon : _bChapman & Hall Medical, _c1995 |
||
| 300 |
_a2 v. , xlvii, 1590 p. : _bill. (some col.) ; _c29 cm |
||
| 500 | _a1st ed. 1989 | ||
| 504 | _aIncludes bibliographies and index | ||
| 650 | 0 |
_aFetus _xDiseases |
|
| 650 | 0 |
_aNewborn infants _xDiseases |
|
| 700 | 1 |
_aReed, G. B. _q(George B.) |
|
| 700 | 1 |
_aClaireaux, A. E. _q(Albert E.), _d1919- |
|
| 700 | 1 | _aCockburn, Forrester. | |
| 700 | 1 |
_aAshmead, Graham Gaylord, _d1951- |
|
| 942 |
_2lcc _cBK |
||